000 01201nam a2200229Ia 4500
001 L959-44598
003 IT-CnALBA
008 170116s9999||||xx |||||||||||||| ||und||
040 _aIT-CnALBA
_cIT-CnALBA
041 _aITALIANO
100 _aCARBONI WALTER
245 0 _aLE CHIOCCIOLE NEL PARCO D'ALLEVAMENTO.
250 _a1a ed.
260 _aALBA (CN)
_bLINI SERGIO PUBBLIGRAF
_c1942 [1° Ed.:1942 - Ed.Ling.Originale: 1942]
300 _a518 p.
500 _aI NATURALISTI MONCIOLI E GALLO. ILLUSTRAZIONI. CALENDARIO SEMINE. APPENDICE. LE LUMACHE NELL'ANTICHITÀ. LA LUMACA. CHIOCCIOLE. LA CONCHIGLIA. COLORI VITA. APPARATO BOCCALE. ORGANI VITALI. ACCOPPIAMENTO. BORGO S. DALMAZZO. ELICICULTURA. CHERASCO. COTTURA.
501 _aSocietà San Paolo EM - Piazza San Paolo, 14 - 12051 ALBA (CN) (non commercial uses only) ® Copyright 2017
520 _aI NATURALISTI MONCIOLI E GALLO. ILLUSTRAZIONI. CALENDARIO SEMINE. APPENDICE. LE LUMACHE NELL'ANTICHITÀ. LA LUMACA. CHIOCCIOLE. LA CONCHIGLIA. COLORI VITA. APPARATO BOCCALE. ORGANI VITALI. ACCOPPIAMENTO. BORGO S. DALMAZZO. ELICICULTURA. CHERASCO. COTTURA.
650 _aALBA E CIRCONDARIO
942 _cBK
957 _71
999 _a50348
_bSI
_g Copie: 1
_c303541
_d303541